| 000 | 00651nam a22001817a 4500 | ||
|---|---|---|---|
| 005 | 20250827142750.0 | ||
| 008 | 250827b |||||||| |||| 00| 0 eng d | ||
| 037 | _cREF | ||
| 040 |
_aAL _cAL |
||
| 041 |
_2arabic _aarabic |
||
| 084 |
_aa328 28M2.1-.7 _qAL |
||
| 100 |
_aAbdullah, Maulvi Mustafa _9819038 |
||
| 245 | _aKashfizzunoon an asami al-kutubul funoon | ||
| 260 | _c1982. | ||
| 650 | _2BIBLIOGRAPHY | ||
| 942 |
_2CC _cTB _ha328 28M2.1-.7 _n0 |
||
| 999 |
_c1434913 _d1434913 |
||